Elements Quiz SUDDEN DEATH - Statistics

General Stats
  • This quiz has been taken 42 times
  • The average score is 13 of 17
Answers on the Grid
Answers color-coded by a green-red scale on the quiz's grid according to % correct below.
Water
Iron
Zote The Mighty
Hydrogen
Calcium
Sushi
Helium
Borax
Boron
Mythril
Cobalt
Ribonucleic Acid
TonyVII
Copper
Zinc
Air
Arsenic
Krypton
Fire
Earth
Bronze
Coal
Ancient Debris
Tin
Mendelevium
Gallium
Oganesson
Sulfur
Veritasium
Scandium
Cyanide
Germanium
Vsaucium
 
Answer Stats
Answer % Correct
Copper
89%
Hydrogen
89%
Iron
89%
Gallium
84%
Germanium
84%
Zinc
84%
Boron
79%
Calcium
79%
Sulfur
79%
Arsenic
74%
Cobalt
74%
Helium
74%
Krypton
74%
Scandium
74%
Tin
74%
Mendelevium
53%
Oganesson
37%
No matching quizzes found
Score Distribution
Percent of People with Each Score
Percentile by Number Answered
Your Score History
You have not taken this quiz